عرض عادي
عرض مارك
- إدارة الأفراد
مدخل مصطلح موضوعي
001 - رقم الضبط
- حقل الضبط: 42289
003 - معرف رقم الضبط
- حقل الضبط: OSt
005 - تاريخ ووقت أخر عملية
- حقل الضبط: 20140113104611.0
008 - عناصر بيانات ثابتة الطول
- حقل تحكم ثابت الطول: 140113|||a|||||| | ||| d
040 ## - مصدر الفهرسة
- هيئة الفهرسة الأصلية: OSt
- وكالة الكتابة: OSt
150 ## - مدخل-- مصطلح تاريخي
- عنصر مدخل المصطلح الموضوعي او الاسم الجغرافي: إدارة الأفراد
- تفريع عام: تخطيط
670 ## - بيانات المصدر موجوده
- الاستشهاد بالمصدر: Work cat.: (OSt): الظاهر، نعيم إبراهيم, تنمية الموارد البشرية /, 2009
